000 00916naa a22002657a 4500
001 BR4400069
003 BR-BrBNA
005 20240918172816.0
007 ta
008 230509b bl.||||| |||| 00| 0 por d
040 _aBR-BrBNA
_bpor
_cBiblioteca Nacional de Agricultura
041 _a(Pt)
072 _aF05; F40
090 _aF05 BR4400069
100 1 _aSampaio, A.J.
111 1 _a9. Congresso Brasileiro de Geografia
_cFlorianopolis, SC (Brazil)
_d7 Sep 1940
245 1 _aFitogeografia
260 3 _aRio de Janeiro, GB (Brasil):
_c1944.
500 _aAnais. 9. Congresso Brasileiro de Geografia Rio de Janeiro, GB (Brasil): 1944. p. 27-45 (BR4400069-AM)F05
650 _aBotanica
650 _aEcologia vegetal
773 0 _tAnais. 9. Congresso Brasileiro de Geografia
_b
_wF05 BR4400069
_gRio de Janeiro, GB (Brasil), 1944. p. 27-45
909 _a202404
_bLucia
_c55
_dLucia Elande
942 _cAM
_2AGRIS
999 _c301538
_d301538